Managerial economics and business strategy / (Record no. 2723)
[ view plain ]
| 000 -LEADER | |
|---|---|
| fixed length control field | 01400cam a2200217 a 4500 |
| 020 ## - INTERNATIONAL STANDARD BOOK NUMBER | |
| ISBN | 9780073375960 (alk. paper) |
| 020 ## - INTERNATIONAL STANDARD BOOK NUMBER | |
| ISBN | 0073375969 (alk. paper) |
| 020 ## - INTERNATIONAL STANDARD BOOK NUMBER | |
| ISBN | 9780071267441 (pbk.) |
| 020 ## - INTERNATIONAL STANDARD BOOK NUMBER | |
| ISBN | 0071267441 (pbk.) |
| 050 00 - CALL NUMBER | |
| Classification number | HD30.22 |
| Item number | .B34 |
| 100 1# - AUTHOR | |
| Personal name | Baye, Michael R., |
| 245 10 - TITLE | |
| Title | Managerial economics and business strategy / |
| Statement of responsibility, etc | Michael R. Baye. |
| 250 ## - EDITION | |
| Edition statement | 7th ed. |
| 260 ## - PUBLICATION INFORMATION | |
| Place of publication | New York : |
| Name of publisher | McGraw-Hill/Irwin, |
| Year of publication | c2010. |
| 300 ## - DESCRIPTION | |
| Number of Pages | xxxii, 621 p. : |
| Other physical details | ill. ; |
| Dimensions | 24 cm. |
| 500 ## - NOTES | |
| General note | Includes bibliographical references and index. |
| 505 ## - FORMATTED CONTENTS NOTE | |
| Table of Content | Chapter 1: The Fundamentals of Managerial Economics Chapter 2: Market Forces: Demand and Supply Chapter 3: Quantitative Demand Analysis Chapter 4: The Theory of Individual Behavior Chapter 5: The Production Process and Costs Chapter 6: The Organization of the Firm Chapter 7: The Nature of Industry Chapter 8: Managing in Competitive, Monopolistic, and Monopolistically Competitive Markets Chapter 9: Basic Oligopoly Models Chapter 10: Game Theory: Inside Oligopoly Chapter 11: Pricing Strategies for Firms with Market Power Chapter 12: The Economics of Information Chapter 13: Advanced Topics in Business Strategy Chapter 14: A Manager's Guide to Government in the Marketplace Case Study: Challenges at Time Warner: A Case Study in Business Strategy |
| 650 #0 - SUBJECTS | |
| Topical Term | Managerial economics. |
| 650 #0 - SUBJECTS | |
| Topical Term | Strategic planning. |
| 942 ## - ADDED ENTRY ELEMENTS (KOHA) | |
| Koha item type | Books |
| Withdrawn status | Lost status | Collection code | Home library | Current library | Shelving location | Date acquired | Full call number | Accession Number | Copy number | Koha item type |
|---|---|---|---|---|---|---|---|---|---|---|
| Reference | Methodist University Library Main | Methodist University Library Main | General Stacks | HD30.22 .B34 | 39738 | 1 | Books | |||
| Reference | Methodist University Library Main | Methodist University Library Main | General Stacks | HD30.22 .B34 | 2290 | 1 | Books |